000 00363nam a2200145Ia 4500
008 210716s1996 xx 000 0 und d
020 _a8120310225
041 _aeng
082 _a003.57 BOUG
100 _aBouton Gary David.
245 _aCorel draw 5 for beginners.
250 _a1
260 _aNew Delhi
_bPrentice Hall of India
_c1996
300 _aXVII,507
999 _c187830
_d187830